000 00189 a2200097 4500
020 _a9780593531150
041 _aspa
100 _aArcher,Micha
245 _aCaminantes Curiosos
942 _cBK
999 _c31832
_d31830